Statistics for Taylor Swift Lyrics

Click here to take the quiz!

General Stats

  • This quiz has been taken 283 times
  • The average score is 12 of 15

Answer Stats

HintAnswer% Correct
But she wears short skirts, I wear T-shirts / She's Cheer Captain and I'm on the bleachersYou Belong With Me
96%
Say you'll remember me / Standing in a nice dress / Staring at the sunset, babe / Red lips and rosy cheeksWildest Dreams
95%
She's not a saint and she's not what you think / She's an actress woah / But she's better known for the things that she does / on the mattress woahBetter Than Revenge
94%
'Cause there we are again on that little town street / You almost ran the red 'cause you were looking over at meAll Too Well
93%
Remember when you hit the brakes too soon? / Twenty stitches in a hospital room / When you started crying, baby, I did too / But when the sun came up, I was looking at youOut of the Woods
89%
So this is me swallowing my pride / Standing in front of you, saying I'm sorry for that nightBack to December
88%
But I miss screaming and fighting and kissing in the rain / And it's 2AM and I'm cursing your name / You're so in love that you act insaneThe Way I Loved You
87%
I never trust a playboy, but they love me / So I fly 'em all around the world / And I let them think they saved meI Did Something Bad
86%
Don't you think I was too young to be messed with? / The girl in the dress cried the whole way home / I shoulda knownDear John
82%
I hate that stupid old pickup truck you never let me drive / You're a redneck heartbreak who's really bad at lyingPicture to Burn
81%
Come on, come on, don't leave me like this/ I thought I had you figured out / Something's gone terribly wrong / You're all I wantedHaunted
80%
Now I'm standing alone in a crowded room / And we're not speaking / And I'm dying to know / Is it killing you like it's killing me?The Story of Us
71%
I've been loving you for quite some time, time, time / You think that it's funny when I'm mad, mad, madStay Stay Stay
68%
We had a beautiful magic love affairSad Beautiful Tragic
64%
And I fell from the pedestal / Right down the rabbit holelong story short
59%

Score Distribution

Percentile by Number Answered

Percent of People with Each Score

Your Score History

You have not taken this quiz